Информационная среда сопровождения проектного обучения; Информационные технологии в науке, управлении, социальной сфере и медицине; Ч. 1
| Parent link: | Информационные технологии в науке, управлении, социальной сфере и медицине: сборник научных трудов IV Международной научной конференции, 5-8 декабря 2017 г., Томск/ Национальный исследовательский Томский политехнический университет (ТПУ).— , 2017 Ч. 1.— 2017.— [С. 303-305] |
|---|---|
| Hovedforfatter: | |
| Summary: | Заглавие с титульного экрана The article considers the issues of information support for project teaching of students. The configuration and composition of the information environment based on the areas of knowledge of project management. |
| Sprog: | russisk |
| Udgivet: |
2017
|
| Serier: | Информационные технологии в образовании. Электронное обучение |
| Fag: | |
| Online adgang: | http://earchive.tpu.ru/handle/11683/46273 |
| Format: | MixedMaterials Electronisk Book Chapter |
| KOHA link: | https://koha.lib.tpu.ru/cgi-bin/koha/opac-detail.pl?biblionumber=626068 |
MARC
| LEADER | 00000naa2a2200000 4500 | ||
|---|---|---|---|
| 001 | 626068 | ||
| 005 | 20231101133407.0 | ||
| 035 | |a (RuTPU)RU\TPU\conf\25364 | ||
| 035 | |a RU\TPU\conf\25363 | ||
| 090 | |a 626068 | ||
| 100 | |a 20180202d2017 k y0rusy50 ca | ||
| 101 | 0 | |a rus |d eng | |
| 102 | |a RU | ||
| 105 | |a y z 101zy | ||
| 135 | |a drcn ---uucaa | ||
| 181 | 0 | |a i | |
| 182 | 0 | |a b | |
| 200 | 1 | |a Информационная среда сопровождения проектного обучения |d Information environment of project training accommodation |f Е. А. Новикова | |
| 203 | |a Текст |c электронный | ||
| 225 | 1 | |a Информационные технологии в образовании. Электронное обучение | |
| 230 | |a 1 компьютерный файл (pdf; 326 Kb) | ||
| 300 | |a Заглавие с титульного экрана | ||
| 320 | |a [Библиогр.: с. 305 (2 назв.)] | ||
| 330 | |a The article considers the issues of information support for project teaching of students. The configuration and composition of the information environment based on the areas of knowledge of project management. | ||
| 461 | 1 | |0 (RuTPU)RU\TPU\conf\25267 |t Информационные технологии в науке, управлении, социальной сфере и медицине |o сборник научных трудов IV Международной научной конференции, 5-8 декабря 2017 г., Томск |o в 2 ч. |f Национальный исследовательский Томский политехнический университет (ТПУ) |d 2017 | |
| 463 | 1 | |0 (RuTPU)RU\TPU\conf\25268 |t Ч. 1 |f Национальный исследовательский Томский политехнический университет (ТПУ) ; ред. кол. О. Г. Берестнева ; А. А. Мицель ; Т. А. Гладкова |v [С. 303-305] |d 2017 | |
| 510 | 1 | |a Information environment of project training accommodation |z eng | |
| 610 | 1 | |a электронные ресурсы | |
| 610 | 1 | |a обучение | |
| 610 | 1 | |a информационная среда | |
| 610 | 1 | |a управление проектами | |
| 610 | 1 | |a вузы | |
| 610 | 1 | |a студенты | |
| 610 | 1 | |a программное обеспечение | |
| 700 | 1 | |a Новикова |b Е. А. | |
| 801 | 2 | |a RU |b 63413507 |c 20180321 |g RCR | |
| 856 | 4 | |u http://earchive.tpu.ru/handle/11683/46273 | |
| 942 | |c BK | ||